00550nam a2200181 a 4500001001300000003000900013005001700022008004100039020002400080082001900104100002500123245007600148260005000224300000900274500003500283650002500318700002500343nice12345678IN_TiNIC20260116014031.0100108s2009 cama grp 000 0 eng  a9780521749343c150000a320.50956bBRO aBrowers, Michaelle L aPolotical Ideology in the Arab Worldb Accommodation Snd Transformation aCambridge bCambridge University Press c2009 a198p aincludes index and biblioraphy aMiddle East-Politics1 aBrowers, Michaelle L